HUMAN RESOURCES MANAGEMENT (Record no. 27155)

000 -LEADER
fixed length control field 00474nam a2200193Ia 4500
003 - CONTROL NUMBER IDENTIFIER
control field OSt
005 - DATE AND TIME OF LATEST TRANSACTION
control field 20250721123839.0
008 - FIXED-LENGTH DATA ELEMENTS--GENERAL INFORMATION
fixed length control field 200615s9999||||xx |||||||||||||| ||und||
020 ## - INTERNATIONAL STANDARD BOOK NUMBER
International Standard Book Number 9780070502758
040 ## - CATALOGING SOURCE
Transcribing agency MUIT
082 ## - DEWEY DECIMAL CLASSIFICATION NUMBER
Classification number 650
Item number HUM-M
100 ## - MAIN ENTRY--PERSONAL NAME
Personal name SAIYADAIN, S.MIRZA
245 #0 - TITLE STATEMENT
Title HUMAN RESOURCES MANAGEMENT
250 ## - EDITION STATEMENT
Edition statement 3RD
260 ## - PUBLICATION, DISTRIBUTION, ETC.
Place of publication, distribution, etc. new delhi
Name of publisher, distributor, etc. TATA MCGRAW-HILL EDITION
Date of publication, distribution, etc. 2018
300 ## - PHYSICAL DESCRIPTION
Extent 509
440 ## - SERIES STATEMENT/ADDED ENTRY--TITLE
Title HUMAN RESOURCES MANAGEMENT
942 ## - ADDED ENTRY ELEMENTS (KOHA)
Koha item type Book
Source of classification or shelving scheme
Holdings
Withdrawn status Lost status Damaged status Not for loan Collection code Permanent Location Current Location Shelving location Date acquired Total Checkouts Full call number Barcode Date last seen Date last checked out Price effective from Koha item type
        School of Management Maharishi School of Business & Management (Lucknow) Maharishi School of Business & Management (Lucknow) R49S1 2020-06-15 1 658 SOM084 2025-05-07 2025-04-22 2020-06-15 Book

All Rights Reserved@MUIT

Powered by Koha